| LEADER | 00603nam a2200157 4500 | ||
|---|---|---|---|
| 082 | |a 420 |b G300B | ||
| 100 | |a Bibbon, E | ||
| 245 | |a The decline and fall of the roman empire |c Edward Gibbon; Hugh Trevor - Roper Introduced |n Volume 4 |p Chapters XXXVII - XLVI | ||
| 260 | |a Anh |b David Campbell |c 1994 | ||
| 300 | |a 598 tr. |c 21 cm | ||
| 520 | |a v.v... | ||
| 653 | |a Ngôn ngữ | ||
| 653 | |a Tiếng Anh | ||
| 942 | |2 ddc |c SH | ||
| 999 | |c 2540 |d 2540 | ||
| 952 | |0 0 |1 0 |2 ddc |4 0 |6 420_000000000000000_G300B |7 0 |8 400 |9 31956 |a qbu |b qbu |c D4 |d 2014-12-14 |g 108000 |o 420 G300B |p 3645.c1 |r 0000-00-00 |w 2014-12-14 |y SH |0 0 |6 420_000000000000000_G300B | ||